Biofuture : Confronting the genetic era

Đã lưu trong:
Sonraí Bibleagrafaíochta
Príomhúdar: Zimmerman, Burke K.
Formáid: Leabhar
Teanga:Undetermined
Foilsithe: New York Plenum Press 1984
Ábhair:
Clibeanna: Cuir Clib Leis
Gan Chlibeanna, Bí ar an gcéad duine leis an taifead seo a chlibeáil!
Thư viện lưu trữ: Trung tâm Học liệu Trường Đại học Cần Thơ
LEADER 00480nam a2200181Ia 4500
001 CTU_78589
008 210402s9999 xx 000 0 und d
082 |a 576.5 
082 |b Z72 
100 |a Zimmerman, Burke K. 
245 0 |a Biofuture : 
245 0 |b Confronting the genetic era 
245 0 |c Burke K. Zimmerman 
260 |a New York 
260 |b Plenum Press 
260 |c 1984 
650 |a Genetic engineering 
980 |a Trung tâm Học liệu Trường Đại học Cần Thơ